Quick Pick: Quick Things Quiz Stats

 Plays Quiz Updated Dec 4, 2017

Score 0/12 Timer 01:30
0 Plays Today
% Correct
Quicksilver
91.1%
Quick Fix
89.6%
Quickstep
87.8%
Bisquick
87.6%
Quick Assets
87.5%
Quick Kick
86.5%
Quicksand
85.7%
QuickBooks
78.5%
Quick Draw McGraw
78.3%
QuickTime
73%
QuickBird
67%
A Quick One
56.7%

Today's Daily Dose

Missing Word
TV IA - IZ

Word Ladder
Home Improvement

Get the Picture
Wrist or Ankle Bones

You're not logged in!

Compare scores with friends on all Sporcle quizzes.
OR
Log In

You Might Also Like...

Show Comments

Extras

Top Quizzes Today


Score Distribution

Your Account Isn't Verified!

In order to create a playlist on Sporcle, you need to verify the email address you used during registration. Go to your Sporcle Settings to finish the process.

Report this User

Report this user for behavior that violates our Community Guidelines.

Details: